Word Ladder: Leonidas' Dinner Plans Quiz Stats

Quiz Updated Sep 10, 2016

Challenge
Share
Tweet
Embed
Score 0/20 Timer 02:00
0 Plays Today
Hint 4-Letter Word % Correct
Number of feline livesNINE
99%
Not anyNONE
98.9%
The birth of Jesus was visited by 3 ___ menWISE
98%
To add an employeeHIRE
97.8%
'What's ___ is yours and what's yours is ___'M[IN]E
97.4%
Beatles song: '___, There and Everywhere'HERE
96.7%
A piece of metal that conducts electricityWIRE
96.7%
5280 feetMILE
96.2%
To move up or ascendRISE
95.9%
To sit for a mealDINE
95.7%
Hint 4-Letter Word % Correct
A burrowing mammal or skin blemishMOLE
95.5%
The ultimate target in a game of golfHOLE
95.4%
1994 Maori movie, 'Once ___ Warriors'[WE]RE
94.8%
Satan's domainHELL
94.6%
A large room used for concerts or lecturesHALL
94.3%
Extremely serious or desperateDIRE
94.2%
Classic TV channel: Nick at ___NITE
94%
A often religious ceremonyRITE
92.3%
In good healthHALE
91.2%
A steady musical sound or skin pigmentationTONE
88.2%

Today's Daily Dose

Missing Word
April Birthdays

Quick Pick
Signature Pinks

On This Day
April 20th II

You're not logged in!

Compare scores with friends on all Sporcle quizzes.
Sign Up with Email
OR
Log In

You Might Also Like...

Show Comments

Extras

Top Quizzes Today


Score Distribution

Your Account Isn't Verified!

In order to create a playlist on Sporcle, you need to verify the email address you used during registration. Go to your Sporcle Settings to finish the process.

Report this User

Report this user for behavior that violates our Community Guidelines.

Details: